Povyšenije effektivnosti projektirovanija ASU

Gespeichert in:
Bibliographische Detailangaben
1. Verfasser: Ruban, Vladislav Jakovlevič
Weitere Verfasser: Kiriček, Aleksandr Fedorovič, Zadorožnyj, Sergej Vasil'jevič
Format: Buch
Sprache:Russisch
Veröffentlicht: Kijev Višča škola 1982
Tags: Tag hinzufügen
Keine Tags, Fügen Sie das erste Tag hinzu!

MARC

LEADER 00000nam a2200000 4500
001 c132617
005 20041019155255.7
041 0 |a rus 
044 |a UA 
245 1 0 |a Povyšenije effektivnosti projektirovanija ASU  |c Vladislav Jakovlevič Ruban, Aleksandr Fedorovič Kiriček, Sergej Vasil'jevič Zadorožnyj 
264 1 |a Kijev  |b Višča škola  |c 1982 
300 |a 59 s. 
100 1 |a Ruban, Vladislav Jakovlevič 
700 1 |a Kiriček, Aleksandr Fedorovič 
700 1 |a Zadorožnyj, Sergej Vasil'jevič